| 000 | 00532nam a2200193 a 4500 | ||
|---|---|---|---|
| 005 | 20140311163002.0 | ||
| 008 | 020822s19uu xx 00 eng d | ||
| 020 | _a0071181237 | ||
| 050 |
_aHG 3881 _b.L46 2001 |
||
| 100 | _aLevich, Richard M. | ||
| 245 |
_aInternational financial markets / _cRichard M. Levich. |
||
| 300 |
_a698 p. : _bcol. ill. ; _c26 cm. |
||
| 521 | _aBSBA | ||
| 650 | _aInternational finance | ||
| 650 | _aInvestments, foreign | ||
| 650 |
_aSecurities _xprices |
||
| 942 |
_cBK _2lcc _kFOR |
||
| 999 |
_c39231 _d39231 |
||